书目信息 |
| 题名: |
美式家居装修设计与软装搭配
|
|
| 作者: | ;宜家文化 编著 | |
| 分册: | ||
| 出版信息: | 北京 化学工业出版社 2017.7 |
|
| 页数: | 188页 | |
| 开本: | 24cm | |
| 丛书名: | ||
| 单 册: | ||
| 中图分类: | TU241-64 | |
| 科图分类: | ||
| 主题词: | 住宅--室内装饰设计--图集 | |
| 电子资源: | ||
| ISBN: | 978-7-122-23781-1 | |
| 000 | 01055nam0 2200241 450 | |
| 001 | 0400003601 | |
| 005 | 20171022103413.0 | |
| 010 | @a978-7-122-23781-1@dCNY58.00 | |
| 100 | @a20150712d2017 em y0chiy50 ea | |
| 101 | 0 | @achi |
| 102 | @aCN@b110000 | |
| 105 | @aa z 000yy | |
| 106 | @ar | |
| 200 | 1 | @a美式家居装修设计与软装搭配@9mei shi jia ju zhuang xiu she ji yu ruan zhuang da pei@e精选合集@f宜家文化编著 |
| 210 | @a北京@c化学工业出版社@d2017.7 | |
| 215 | @a188页@c图@d24cm | |
| 330 | @a本书是《美式家居装修设计与软装搭配》(上下册)的精选合集版。书中精选大量最新的美式风格家居案例,从硬装与软装两个维度对美式风格进行深入的讲解,不仅对每张图片的装修主材进行了标注,而且置入实用装修小贴士,讲解美式家具设计与施工中常见的注意事项,全方位涵盖客厅、电视墙、餐厅、厨房、卫浴、卧室、书房、玄关、过道、休闲区等家居功能区间。 | |
| 517 | 1 | @a精选合集@9jing xuan he ji |
| 606 | 0 | @a住宅@x室内装饰设计@x图集 |
| 690 | @aTU241-64@v5 | |
| 711 | 02 | @a宜家文化@9yi jia wen hua@4编著 |
| 801 | 0 | @aCN@b91MARC@c20171022 |
| 905 | @b1033831-5@dTU241-64@f5@e1179 | |
| 美式家居装修设计与软装搭配:精选合集/宜家文化编著.-北京:化学工业出版社,2017.7 |
| 188页:图;24cm |
| ISBN 978-7-122-23781-1:CNY58.00 |
| 本书是《美式家居装修设计与软装搭配》(上下册)的精选合集版。书中精选大量最新的美式风格家居案例,从硬装与软装两个维度对美式风格进行深入的讲解,不仅对每张图片的装修主材进行了标注,而且置入实用装修小贴士,讲解美式家具设计与施工中常见的注意事项,全方位涵盖客厅、电视墙、餐厅、厨房、卫浴、卧室、书房、玄关、过道、休闲区等家居功能区间。 |
| ● |
| 相关链接 |
|
|
|
|
正题名:美式家居装修设计与软装搭配
索取号:TU241-64/1179
 
预约/预借
| 序号 | 登录号 | 条形码 | 馆藏地/架位号 | 状态 | 备注 |
| 1 | 1033831 | 210338311 | 第二样本阅览室/ [索取号:TU241-64/1179] | 在馆 | |
| 2 | 1033832 | 210338320 | 密集书库-生命科学系/ [索取号:TU241-64/1179] | 在馆 | |
| 3 | 1033833 | 210338339 | 第三借阅区/ [索取号:TU241-64/1179] | 在馆 | |
| 4 | 1033834 | 210338348 | 第三借阅区/ [索取号:TU241-64/1179] | 在馆 | |
| 5 | 1033835 | 210338357 | 第三借阅区/ [索取号:TU241-64/1179] | 在馆 |